Chess: don't get captured #3 - Sudden Death - Statistics

General Stats
  • This quiz has been taken 484 times
  • The average score is 4 of 8
Answers on the Grid
Answers color-coded by a green-red scale on the quiz's grid according to % correct below.
 
Answer Stats
Answer % Correct
64%
64%
62%
62%
50%
48%
42%
40%
No matching quizzes found
Score Distribution
Percent of People with Each Score
Percentile by Number Answered
Your Score History
You have not taken this quiz